Central Library OPAC University of Rajshahi

Symposium on nuclear methods for measuring soil density and moisture : (Record no. 14763)

MARC details
000 -LEADER
fixed length control field 01201cam a22003011 4500
001 - CONTROL NUMBER
control field 14763
003 - CONTROL NUMBER IDENTIFIER
rucl marc code BD-RjUL
005 - DATE AND TIME OF LATEST TRANSACTION
control field 20211208235704.0
008 - FIXED-LENGTH DATA ELEMENTS--GENERAL INFORMATION
fixed length control field 140208s1961 paua 000 0 eng d
035 ## - SYSTEM CONTROL NUMBER
System control number (BD-RjUL)14817
System control number (OCoLC)1647044
040 ## - CATALOGING SOURCE
Original cataloging agency DLC
Transcribing agency FMU
Modifying agency DLC
-- BD-RjUL
Language of cataloging eng
041 ## - LANGUAGE CODE
Language code of text/sound track or separate title eng
082 00 - DEWEY DECIMAL CLASSIFICATION NUMBER
Classification number 631.42
Author mark and year SYM 1961
110 2# - MAIN ENTRY--CORPORATE NAME
Corporate name or jurisdiction name as entry element ASTM Committee D-18 on Soils for Engineering Purposes.
9 (RLIN) 45997
245 10 - TITLE STATEMENT
Title Symposium on nuclear methods for measuring soil density and moisture :
Remainder of title presented at the sixty third annual meeting, American Society for Testing Materials, Atlantic City, N. J., June 27, 1960. /
260 ## - PUBLICATION, DISTRIBUTION, ETC. (IMPRINT)
Place of publication, distribution, etc. Philadelphia :
Name of publisher, distributor, etc. American Society for Testing Materials,
Date of publication, distribution, etc. c1961
300 ## - PHYSICAL DESCRIPTION
Pagination v, 105 p. :
Illustrations illus., diagrs., tables ;
Size 24 cm.
490 1# - SERIES STATEMENT
Series statement ASTM special technical publication
Volume/sequential designation no. 293
500 ## - GENERAL NOTE
General note "Sponsored by Subcommittee R-3 on Research on Special and Construction Control Tests."
504 ## - BIBLIOGRAPHY, ETC. NOTE
Bibliography, etc Includes bibliographical references.
650 #0 - SUBJECT ADDED ENTRY--TOPICAL TERM
Topical term or geographic name as entry element Soils
General subdivision Analysis.
9 (RLIN) 30741
Topical term or geographic name as entry element Soil moisture.
9 (RLIN) 45985
Topical term or geographic name as entry element Nuclear physics
General subdivision Instruments.
9 (RLIN) 45986
942 ## - ADDED ENTRY ELEMENTS (KOHA)
Source of classification or shelving scheme Dewey Decimal Classification
Koha item type Books
Holdings
Lost status Source of classification or shelving scheme Damaged status Not for loan Collection code Permanent Location Current Location Shelving location Date acquired Source of acquisition Total Checkouts Full call number Date last seen Copy number Koha item type
  Dewey Decimal Classification   Not For Loan Non-fiction Central Library, University of Rajshahi Central Library, University of Rajshahi Reading Room 10/04/1963 Library of congress Gift   631.42 SYM 1961 08/02/2014 C-1 Books